[Event "Deutsche Ländermeisterschaft 2017"]
[Site "Hannover GER"]
[Date "2017.10.02"]
[Round "4"]
[White "Focke, Adrian"]
[Black "Hess, Max"]
[Result "0-1"]
[Termination "normal"]
[Board "3.1"]
[WhiteElo "1768"]
[BlackElo "2251"]
[WhiteClock "00:13:41"]
[BlackClock "00:21:17"]
[WhiteTeam "Mecklenburg-Vorpommern"]
[BlackTeam "Bayern"]
[PlyCount "58"]
[WhiteFideId "12969869"]
[BlackFideId "24656666"]
[EventCountry "GER"]
[EventRounds "7"]
[EventType "team-swiss"]
[EventDate "2017.09.29"]

1. e4 {[%clk 1:30:54]} c5 {[%clk 1:30:45]} 2. c4 {[%clk 1:31:13]} Nc6 {[%clk
1:30:52]} 3. Ne2 {[%clk 1:30:41]} g6 {[%clk 1:28:31]} 4. g3 {[%clk 1:29:12]}
Bg7 {[%clk 1:25:19]} 5. Bg2 {[%clk 1:27:50]} d6 {[%clk 1:25:29]} 6. Nbc3 {[%clk
1:25:01]} e6 {[%clk 1:23:20]} 7. d3 {[%clk 1:23:18]} Nge7 {[%clk 1:23:11]} 8.
Rb1 {[%clk 1:21:53]} O-O {[%clk 1:21:41]} 9. O-O {[%clk 1:17:52]} Rb8 {[%clk
1:13:02]} 10. a3 {[%clk 1:12:22]} b6 {[%clk 1:11:30]} 11. b4 {[%clk 1:05:57]}
Bb7 {[%clk 1:11:01]} 12. Kh1 {[%clk 1:02:11]} Qd7 {[%clk 1:10:07]} 13. b5
{[%clk 0:54:23]} Nd4 {[%clk 1:09:07]} 14. Bb2 {[%clk 0:50:43]} f5 {[%clk
1:03:03]} 15. f3 {[%clk 0:47:30]} d5 {[%clk 0:55:56]} 16. exd5 {[%clk 0:40:36]}
exd5 {[%clk 0:51:21]} 17. Nf4 {[%clk 0:36:49]} dxc4 {[%clk 0:47:51]} 18. dxc4
{[%clk 0:36:50]} g5 {[%clk 0:39:57]} 19. Nh3 {[%clk 0:30:30]} h6 {[%clk
0:38:43]} 20. Ne2 {[%clk 0:29:13]} Rbd8 {[%clk 0:31:38]} 21. Nhg1 {[%clk
0:27:41]} Ng6 {[%clk 0:29:36]} 22. Re1 {[%clk 0:22:24]} Ne5 {[%clk 0:27:28]}
23. Nxd4 {[%clk 0:18:44]} cxd4 {[%clk 0:27:51]} 24. Qb3 {[%clk 0:18:44]} Qf7
{[%clk 0:25:52]} 25. Rbc1 {[%clk 0:17:14]} Nd7 {[%clk 0:24:24]} 26. Red1 {[%clk
0:14:42]} Nc5 {[%clk 0:24:33]} 27. Qc2 {[%clk 0:14:33]} d3 {[%clk 0:23:43]} 28.
Qf2 {[%clk 0:14:29]} d2 {[%clk 0:21:47]} 29. Rc2 {[%clk 0:13:41]} Bxb2 {[%clk
0:21:17]} 0-1

[Event "Deutsche Ländermeisterschaft 2017"]
[Site "Hannover GER"]
[Date "2017.10.02"]
[Round "4"]
[White "Oberhofer, Cédric"]
[Black "Lange, Jannis"]
[Result "1-0"]
[Termination "normal"]
[Board "3.2"]
[WhiteElo "2229"]
[BlackElo "1920"]
[WhiteClock "00:03:00"]
[BlackClock "00:00:37"]
[WhiteTeam "Bayern"]
[BlackTeam "Mecklenburg-Vorpommern"]
[PlyCount "65"]
[WhiteFideId "12941220"]
[BlackFideId "12993107"]
[EventCountry "GER"]
[EventRounds "7"]
[EventType "team-swiss"]
[EventDate "2017.09.29"]

1. e4 {[%clk 1:30:58]} c5 {[%clk 1:30:48]} 2. Nf3 {[%clk 1:31:22]} Nc6 {[%clk
1:31:06]} 3. d4 {[%clk 1:31:46]} cxd4 {[%clk 1:31:14]} 4. Nxd4 {[%clk 1:32:10]}
Nf6 {[%clk 1:31:37]} 5. Nc3 {[%clk 1:32:32]} e5 {[%clk 1:31:53]} 6. Ndb5 {[%clk
1:32:53]} d6 {[%clk 1:31:55]} 7. Bg5 {[%clk 1:33:12]} a6 {[%clk 1:31:58]} 8.
Na3 {[%clk 1:33:34]} b5 {[%clk 1:31:58]} 9. Bxf6 {[%clk 1:33:25]} gxf6 {[%clk
1:32:21]} 10. Nd5 {[%clk 1:33:49]} Bg7 {[%clk 1:30:21]} 11. Bd3 {[%clk
1:32:32]} f5 {[%clk 1:18:09]} 12. O-O {[%clk 1:16:31]} f4 {[%clk 0:49:48]} 13.
c4 {[%clk 1:09:37]} b4 {[%clk 0:47:51]} 14. Nxb4 {[%clk 1:01:47]} Nxb4 {[%clk
0:44:50]} 15. Qa4+ {[%clk 1:02:12]} Bd7 {[%clk 0:44:54]} 16. Qxb4 {[%clk
1:02:35]} Bc6 {[%clk 0:44:55]} 17. Rfd1 {[%clk 0:56:18]} Rb8 {[%clk 0:44:15]}
18. Qd2 {[%clk 0:52:36]} f5 {[%clk 0:38:19]} 19. Be2 {[%clk 0:36:48]} Bf8
{[%clk 0:22:28]} 20. Bh5+ {[%clk 0:30:58]} Kd7 {[%clk 0:22:45]} 21. Qe2 {[%clk
0:27:07]} Qg5 {[%clk 0:20:26]} 22. Bf3 {[%clk 0:26:03]} Rg8 {[%clk 0:16:08]}
23. h3 {[%clk 0:14:28]} Be7 {[%clk 0:09:17]} 24. c5 {[%clk 0:11:44]} Rb4 {[%clk
0:07:10]} 25. Nc4 {[%clk 0:10:35]} Bxe4 {[%clk 0:02:28]} 26. Nxe5+ {[%clk
0:07:54]} Ke8 {[%clk 0:00:58]} 27. cxd6 {[%clk 0:04:57]} Bxf3 {[%clk 0:01:14]}
28. Qxf3 {[%clk 0:05:07]} Re4 {[%clk 0:00:46]} 29. d7+ {[%clk 0:03:48]} Kf8
{[%clk 0:01:08]} 30. Nc6 {[%clk 0:04:12]} Bd8 {[%clk 0:01:15]} 31. Re1 {[%clk
0:03:36]} Rg6 {[%clk 0:00:48]} 32. Nxd8 {[%clk 0:03:31]} Qe7 {[%clk 0:00:37]}
33. Rxe4 {[%clk 0:03:00]} 1-0

[Event "Deutsche Ländermeisterschaft 2017"]
[Site "Hannover GER"]
[Date "2017.10.02"]
[Round "4"]
[White "Schumann, Rabea"]
[Black "Goldbeck, Lars"]
[Result "1-0"]
[Termination "normal"]
[Board "3.3"]
[WhiteElo "1868"]
[BlackElo "2178"]
[WhiteClock "00:05:30"]
[BlackClock "00:34:01"]
[WhiteTeam "Mecklenburg-Vorpommern"]
[BlackTeam "Bayern"]
[PlyCount "55"]
[WhiteFideId "12918199"]
[BlackFideId "16208188"]
[EventCountry "GER"]
[EventRounds "7"]
[EventType "team-swiss"]
[EventDate "2017.09.29"]

1. c4 {[%clk 1:30:56]} Nf6 {[%clk 1:30:53]} 2. g3 {[%clk 1:31:01]} g6 {[%clk
1:31:18]} 3. Bg2 {[%clk 1:31:13]} Bg7 {[%clk 1:31:42]} 4. Nc3 {[%clk 1:31:22]}
O-O {[%clk 1:32:06]} 5. e3 {[%clk 1:30:42]} Nc6 {[%clk 1:32:04]} 6. d4 {[%clk
1:28:16]} d6 {[%clk 1:31:53]} 7. Nge2 {[%clk 1:28:08]} Bd7 {[%clk 1:30:47]} 8.
O-O {[%clk 1:26:41]} a6 {[%clk 1:29:38]} 9. a3 {[%clk 1:20:02]} Na5 {[%clk
1:25:15]} 10. b3 {[%clk 1:12:28]} Rb8 {[%clk 1:23:16]} 11. Bd2 {[%clk 1:10:25]}
b5 12. cxb5 {[%clk 0:59:37]} axb5 {[%clk 1:21:45]} 13. Nd5 {[%clk 0:56:07]}
Nxd5 {[%clk 1:18:49]} 14. Bxa5 {[%clk 0:51:53]} Nb6 {[%clk 1:17:32]} 15. Rc1
{[%clk 0:47:15]} Bf5 {[%clk 1:09:40]} 16. Bc6 {[%clk 0:39:35]} Nd7 {[%clk
1:05:45]} 17. Bg2 {[%clk 0:35:40]} Nb6 {[%clk 1:04:39]} 18. Bc6 {[%clk
0:35:36]} Na8 {[%clk 0:57:16]} 19. Nc3 {[%clk 0:24:37]} Bd7 {[%clk 0:53:18]}
20. Nd5 {[%clk 0:21:05]} Bh3 {[%clk 0:53:11]} 21. Re1 {[%clk 0:20:18]} h5
{[%clk 0:45:53]} 22. Qd3 {[%clk 0:13:39]} e5 {[%clk 0:38:10]} 23. dxe5 {[%clk
0:12:45]} dxe5 {[%clk 0:38:38]} 24. Bb4 {[%clk 0:09:53]} e4 {[%clk 0:35:48]}
25. Qxe4 {[%clk 0:07:32]} Bf5 {[%clk 0:34:42]} 26. Qf4 {[%clk 0:06:43]} Re8
{[%clk 0:33:38]} 27. Bxe8 {[%clk 0:06:08]} Qxe8 {[%clk 0:34:01]} 28. Ne7+
{[%clk 0:05:30]} 1-0

[Event "Deutsche Ländermeisterschaft 2017"]
[Site "Hannover GER"]
[Date "2017.10.02"]
[Round "4"]
[White "Huber, Benedikt"]
[Black "Fromm, Marius"]
[Result "1-0"]
[Termination "normal"]
[Board "3.4"]
[WhiteElo "2044"]
[BlackElo "1876"]
[WhiteClock "00:59:56"]
[BlackClock "00:59:35"]
[WhiteTeam "Bayern"]
[BlackTeam "Mecklenburg-Vorpommern"]
[PlyCount "29"]
[WhiteFideId "12923583"]
[BlackFideId "12993190"]
[EventCountry "GER"]
[EventRounds "7"]
[EventType "team-swiss"]
[EventDate "2017.09.29"]

1. d4 {[%clk 1:30:57]} d5 {[%clk 1:30:39]} 2. Bf4 {[%clk 1:31:17]} Nf6 {[%clk
1:30:38]} 3. e3 {[%clk 1:31:37]} c5 {[%clk 1:29:30]} 4. c3 {[%clk 1:30:31]} Nc6
{[%clk 1:29:03]} 5. Nd2 {[%clk 1:31:21]} Bf5 {[%clk 1:28:13]} 6. Qb3 {[%clk
1:29:06]} Qc8 {[%clk 1:21:35]} 7. Ngf3 {[%clk 1:25:19]} h6 {[%clk 1:19:15]} 8.
c4 {[%clk 1:18:52]} cxd4 {[%clk 1:18:18]} 9. cxd5 {[%clk 1:17:56]} dxe3 {[%clk
1:16:40]} 10. fxe3 {[%clk 1:16:22]} Nb8 {[%clk 1:14:37]} 11. e4 {[%clk
1:14:04]} Bd7 {[%clk 1:11:33]} 12. e5 {[%clk 1:06:33]} g5 {[%clk 1:09:16]} 13.
Be3 {[%clk 1:04:26]} Nh5 {[%clk 1:07:08]} 14. Ne4 {[%clk 1:01:04]} b6 {[%clk
0:59:35]} 15. Rc1 {[%clk 0:59:56]} 1-0

[Event "Deutsche Ländermeisterschaft 2017"]
[Site "Hannover GER"]
[Date "2017.10.02"]
[Round "4"]
[White "Troyke, Jannis"]
[Black "Braun, Kristin"]
[Result "1-0"]
[Termination "normal"]
[Board "3.5"]
[WhiteElo "1937"]
[BlackElo "1834"]
[WhiteClock "00:52:50"]
[BlackClock "00:00:33"]
[WhiteTeam "Mecklenburg-Vorpommern"]
[BlackTeam "Bayern"]
[PlyCount "69"]
[WhiteFideId "12993115"]
[BlackFideId "24656534"]
[EventCountry "GER"]
[EventRounds "7"]
[EventType "team-swiss"]
[EventDate "2017.09.29"]

1. e4 {[%clk 1:30:59]} c5 {[%clk 1:30:57]} 2. Nf3 {[%clk 1:31:23]} d6 {[%clk
1:31:24]} 3. d4 {[%clk 1:31:47]} cxd4 {[%clk 1:31:51]} 4. Nxd4 {[%clk 1:32:12]}
Nf6 {[%clk 1:32:17]} 5. Nc3 {[%clk 1:32:35]} g6 {[%clk 1:32:45]} 6. Be3 {[%clk
1:32:58]} Bg7 {[%clk 1:33:12]} 7. f3 {[%clk 1:33:24]} Nc6 {[%clk 1:33:38]} 8.
Qd2 {[%clk 1:33:43]} O-O {[%clk 1:34:04]} 9. O-O-O {[%clk 1:34:08]} d5 {[%clk
1:34:31]} 10. Qe1 {[%clk 1:34:30]} e5 {[%clk 1:33:02]} 11. Nxc6 {[%clk
1:34:35]} bxc6 {[%clk 1:33:16]} 12. exd5 {[%clk 1:35:00]} cxd5 {[%clk 1:26:40]}
13. Bg5 {[%clk 1:35:03]} Be6 {[%clk 1:01:39]} 14. Qxe5 {[%clk 1:27:52]} Rc8
{[%clk 0:33:46]} 15. Qf4 {[%clk 1:07:17]} Nh5 {[%clk 0:24:57]} 16. Bxd8 {[%clk
1:06:40]} Nxf4 {[%clk 0:24:00]} 17. Bg5 {[%clk 1:06:46]} d4 {[%clk 0:16:26]}
18. Bxf4 {[%clk 1:06:19]} dxc3 {[%clk 0:16:46]} 19. b3 {[%clk 1:06:44]} a5
{[%clk 0:09:34]} 20. Bb5 {[%clk 1:04:54]} a4 {[%clk 0:08:54]} 21. Bxa4 {[%clk
1:01:18]} Ra8 {[%clk 0:07:50]} 22. Kb1 {[%clk 0:57:16]} Rxa4 {[%clk 0:04:20]}
23. bxa4 {[%clk 0:57:38]} Ra8 {[%clk 0:03:04]} 24. a5 {[%clk 0:57:29]} Bf6
{[%clk 0:01:22]} 25. Bc7 {[%clk 0:56:16]} Ra7 {[%clk 0:01:26]} 26. Bb6 {[%clk
0:54:40]} Rb7 {[%clk 0:01:52]} 27. Rd6 {[%clk 0:54:31]} Be7 {[%clk 0:01:54]}
28. a6 {[%clk 0:54:10]} Rb8 {[%clk 0:01:57]} 29. a7 {[%clk 0:54:23]} Ra8 {[%clk
0:01:21]} 30. Rc6 {[%clk 0:53:53]} Kf8 {[%clk 0:01:19]} 31. Rd1 {[%clk
0:53:25]} Bf6 {[%clk 0:01:10]} 32. f4 {[%clk 0:52:20]} Ke8 {[%clk 0:01:15]} 33.
Rc7 {[%clk 0:52:20]} Bd8 {[%clk 0:00:48]} 34. Rb7 {[%clk 0:52:37]} Bf5 {[%clk
0:00:33]} 35. Rb8 {[%clk 0:52:50]} 1-0

[Event "Deutsche Ländermeisterschaft 2017"]
[Site "Hannover GER"]
[Date "2017.10.02"]
[Round "4"]
[White "Alferova, Ekaterina"]
[Black "Großmann, Piet"]
[Result "1-0"]
[Termination "normal"]
[Board "3.6"]
[WhiteElo "1515"]
[BlackElo "1830"]
[WhiteClock "00:22:11"]
[BlackClock "00:00:32"]
[WhiteTeam "Bayern"]
[BlackTeam "Mecklenburg-Vorpommern"]
[PlyCount "75"]
[WhiteFideId "16217250"]
[BlackFideId "16234359"]
[EventCountry "GER"]
[EventRounds "7"]
[EventType "team-swiss"]
[EventDate "2017.09.29"]

1. Nf3 {[%clk 1:30:57]} Nf6 {[%clk 1:30:48]} 2. d4 e6 3. c4 Bb4+ 4. Nc3 {[%clk
1:31:45]} O-O {[%clk 1:26:49]} 5. Qc2 {[%clk 1:32:03]} b6 {[%clk 1:23:08]} 6.
a3 {[%clk 1:30:44]} Bxc3+ {[%clk 1:23:04]} 7. Qxc3 {[%clk 1:29:57]} Bb7 {[%clk
1:20:17]} 8. e3 {[%clk 1:28:53]} d6 {[%clk 1:18:34]} 9. Be2 {[%clk 1:28:34]}
Nbd7 {[%clk 1:19:00]} 10. O-O {[%clk 1:28:43]} a5 {[%clk 1:19:07]} 11. b3
{[%clk 1:27:58]} Qe7 {[%clk 1:17:26]} 12. Bb2 {[%clk 1:28:06]} h6 {[%clk
1:07:44]} 13. Rac1 {[%clk 1:26:33]} Rac8 {[%clk 0:49:37]} 14. Rfd1 {[%clk
1:25:18]} Rfd8 {[%clk 0:43:06]} 15. d5 {[%clk 1:19:56]} e5 {[%clk 0:41:10]} 16.
Qc2 {[%clk 1:11:37]} Ra8 {[%clk 0:38:51]} 17. Nd2 {[%clk 1:08:49]} Nf8 {[%clk
0:36:06]} 18. Ne4 {[%clk 1:07:34]} Nxe4 {[%clk 0:31:37]} 19. Qxe4 {[%clk
1:07:57]} Nh7 {[%clk 0:30:38]} 20. Qc2 {[%clk 0:59:30]} Rf8 {[%clk 0:21:22]}
21. Bd3 {[%clk 0:58:47]} Nf6 {[%clk 0:20:17]} 22. h3 {[%clk 0:56:46]} Bc8
{[%clk 0:13:02]} 23. Re1 {[%clk 0:49:29]} Nd7 {[%clk 0:10:32]} 24. b4 {[%clk
0:43:49]} axb4 {[%clk 0:10:20]} 25. axb4 {[%clk 0:44:13]} Qg5 {[%clk 0:04:59]}
26. f4 {[%clk 0:39:28]} exf4 {[%clk 0:04:32]} 27. exf4 {[%clk 0:39:50]} Qxf4
{[%clk 0:04:07]} 28. Re4 {[%clk 0:38:30]} Qg5 {[%clk 0:00:32]} 29. Bxg7 {[%clk
0:35:19]} Ne5 {[%clk 0:00:53]} 30. Bxe5 {[%clk 0:35:17]} dxe5 {[%clk 0:01:20]}
31. Rce1 {[%clk 0:33:21]} f6 {[%clk 0:00:50]} 32. R4e3 {[%clk 0:26:16]} Kf7
{[%clk 0:00:34]} 33. Qf2 {[%clk 0:25:14]} Ke7 {[%clk 0:00:33]} 34. Rg3 {[%clk
0:25:04]} Qh5 {[%clk 0:00:58]} 35. Rg7+ {[%clk 0:24:10]} Kd8 {[%clk 0:00:35]}
36. Bg6 {[%clk 0:24:19]} Qg5 {[%clk 0:00:55]} 37. d6 {[%clk 0:22:11]} cxd6
{[%clk 0:00:32]} 38. Qxb6# 1/2-1/2

[Event "Deutsche Ländermeisterschaft 2017"]
[Site "Hannover GER"]
[Date "2017.10.02"]
[Round "4"]
[White "Breß, Amy Charlize"]
[Black "Butenandt, Svenja"]
[Result "0-1"]
[Termination "normal"]
[Board "3.7"]
[WhiteElo "1602"]
[BlackElo "1585"]
[WhiteClock "00:29:03"]
[BlackClock "00:30:28"]
[WhiteTeam "Mecklenburg-Vorpommern"]
[BlackTeam "Bayern"]
[PlyCount "98"]
[WhiteFideId "16233786"]
[BlackFideId "12993859"]
[EventCountry "GER"]
[EventRounds "7"]
[EventType "team-swiss"]
[EventDate "2017.09.29"]

1. e4 {[%clk 1:30:58]} c5 {[%clk 1:30:55]} 2. Nf3 {[%clk 1:31:21]} d6 {[%clk
1:31:21]} 3. d4 {[%clk 1:31:47]} cxd4 {[%clk 1:31:48]} 4. Nxd4 {[%clk 1:32:10]}
Nf6 {[%clk 1:32:15]} 5. Nc3 {[%clk 1:32:34]} e6 {[%clk 1:32:31]} 6. Be2 {[%clk
1:29:42]} a6 {[%clk 1:32:44]} 7. O-O {[%clk 1:28:07]} b5 {[%clk 1:32:59]} 8. a3
{[%clk 1:18:47]} Bb7 {[%clk 1:33:19]} 9. Re1 {[%clk 1:10:53]} Be7 {[%clk
1:33:24]} 10. f4 {[%clk 1:09:06]} Nbd7 {[%clk 1:32:47]} 11. Bf3 {[%clk
1:08:54]} Qc7 {[%clk 1:32:24]} 12. Be3 {[%clk 1:07:44]} O-O {[%clk 1:32:37]}
13. Qe2 {[%clk 1:07:26]} Nb6 {[%clk 1:30:41]} 14. Qf2 {[%clk 1:00:18]} Nfd7
{[%clk 1:27:41]} 15. Qg3 {[%clk 0:56:28]} Rfe8 {[%clk 1:24:38]} 16. h4 {[%clk
0:54:16]} Nc4 {[%clk 1:20:56]} 17. b3 {[%clk 0:38:58]} Nxe3 {[%clk 1:16:19]}
18. Rxe3 {[%clk 0:39:15]} Qc5 {[%clk 1:09:00]} 19. Nce2 {[%clk 0:32:34]} Bf8
{[%clk 0:58:24]} 20. b4 {[%clk 0:28:37]} Qc7 {[%clk 0:57:19]} 21. c3 {[%clk
0:25:35]} Nf6 {[%clk 0:51:24]} 22. Qh3 {[%clk 0:21:16]} Qb6 {[%clk 0:45:04]}
23. Re1 {[%clk 0:13:16]} e5 {[%clk 0:42:16]} 24. Nc2 {[%clk 0:12:47]} Nxe4
{[%clk 0:38:02]} 25. Bxe4 {[%clk 0:11:26]} Bxe4 {[%clk 0:38:16]} 26. Na1 {[%clk
0:09:39]} Bb7 {[%clk 0:37:38]} 27. Kf1 {[%clk 0:09:47]} Qc6 {[%clk 0:31:03]}
28. fxe5 {[%clk 0:08:28]} dxe5 {[%clk 0:30:21]} 29. Ng3 {[%clk 0:05:28]} Re6
{[%clk 0:26:12]} 30. Ne4 {[%clk 0:05:05]} Rg6 {[%clk 0:21:48]} 31. R3e2 {[%clk
0:04:47]} Rd8 {[%clk 0:19:49]} 32. Nc2 {[%clk 0:03:43]} Qc4 {[%clk 0:19:17]}
33. Qf3 {[%clk 0:02:42]} Kh8 {[%clk 0:14:47]} 34. Kg1 {[%clk 0:02:31]} Rd3
{[%clk 0:13:03]} 35. Re3 {[%clk 0:01:44]} Bxe4 {[%clk 0:11:59]} 36. Qxe4 {[%clk
0:01:46]} Qxe4 {[%clk 0:12:00]} 37. Rxe4 {[%clk 0:02:11]} Rxc3 {[%clk 0:11:36]}
38. R1e2 {[%clk 0:02:35]} Rgc6 {[%clk 0:11:26]} 39. Ne1 {[%clk 0:02:31]} f6
{[%clk 0:11:05]} 40. R4e3 {[%clk 0:02:42]} Kg8 {[%clk 0:08:21]} 41. g3 {[%clk
0:02:19]} a5 {[%clk 0:03:38]} 42. bxa5 {[%clk 0:01:48]} Bc5 {[%clk 0:03:03]}
43. Ng2 {[%clk 0:28:05]} Bxe3+ {[%clk 0:33:17]} 44. Rxe3 {[%clk 0:28:05]} Rxe3
{[%clk 0:33:27]} 45. Nxe3 {[%clk 0:28:30]} Ra6 {[%clk 0:31:04]} 46. Nd5 {[%clk
0:28:23]} Rxa5 {[%clk 0:30:17]} 47. Nc3 {[%clk 0:28:38]} Rxa3 {[%clk 0:30:21]}
48. Nxb5 {[%clk 0:28:46]} Rxg3+ {[%clk 0:30:39]} 49. Kf2 {[%clk 0:29:03]} Rh3
{[%clk 0:30:28]} 0-1

[Event "Deutsche Ländermeisterschaft 2017"]
[Site "Hannover GER"]
[Date "2017.10.02"]
[Round "4"]
[White "Pachmann, Johannes"]
[Black "Eulitz, Charlotte"]
[Result "1/2-1/2"]
[Termination "normal"]
[Board "3.8"]
[WhiteElo "1605"]
[BlackElo "1492"]
[WhiteClock "00:46:45"]
[BlackClock "00:27:18"]
[WhiteTeam "Bayern"]
[BlackTeam "Mecklenburg-Vorpommern"]
[PlyCount "100"]
[WhiteFideId "16250451"]
[BlackFideId "12964654"]
[EventCountry "GER"]
[EventRounds "7"]
[EventType "team-swiss"]
[EventDate "2017.09.29"]

1. e4 {[%clk 1:30:57]} c5 {[%clk 1:30:53]} 2. Nf3 {[%clk 1:31:05]} d6 {[%clk
1:31:16]} 3. d4 {[%clk 1:31:29]} cxd4 {[%clk 1:31:42]} 4. Nxd4 {[%clk 1:31:53]}
Nf6 {[%clk 1:32:00]} 5. Nc3 {[%clk 1:32:16]} a6 {[%clk 1:32:23]} 6. f3 {[%clk
1:32:16]} e5 {[%clk 1:32:08]} 7. Nb3 {[%clk 1:32:35]} Be6 {[%clk 1:29:54]} 8.
Be3 {[%clk 1:32:37]} Be7 {[%clk 1:28:36]} 9. Bd3 {[%clk 1:32:31]} Nbd7 {[%clk
1:28:27]} 10. O-O {[%clk 1:32:21]} O-O {[%clk 1:28:10]} 11. Qd2 {[%clk
1:32:15]} Rc8 {[%clk 1:25:06]} 12. Rad1 {[%clk 1:31:06]} Nc5 {[%clk 1:23:31]}
13. Be2 {[%clk 1:29:49]} Qc7 {[%clk 1:20:53]} 14. Qc1 {[%clk 1:27:30]} Rfd8
{[%clk 1:19:07]} 15. Rd2 {[%clk 1:26:23]} d5 {[%clk 1:17:30]} 16. exd5 {[%clk
1:26:27]} Nxd5 {[%clk 1:17:10]} 17. Nxd5 {[%clk 1:26:42]} Bxd5 {[%clk 1:04:32]}
18. Rfd1 {[%clk 1:24:05]} Nxb3 {[%clk 0:59:55]} 19. axb3 {[%clk 1:23:33]} Be6
{[%clk 0:59:12]} 20. Rxd8+ {[%clk 1:21:03]} Rxd8 {[%clk 0:58:51]} 21. Rxd8+
{[%clk 1:21:24]} Qxd8 {[%clk 0:58:40]} 22. Qd2 {[%clk 1:21:19]} Qc8 {[%clk
0:53:04]} 23. Kf2 {[%clk 1:15:56]} f6 {[%clk 0:49:56]} 24. Bd3 {[%clk 1:14:03]}
Bc5 {[%clk 0:43:33]} 25. Bxc5 {[%clk 1:13:14]} Qxc5+ {[%clk 0:43:54]} 26. Qe3
{[%clk 1:13:39]} Qc8 {[%clk 0:34:34]} 27. Qe4 {[%clk 1:08:46]} g6 {[%clk
0:32:28]} 28. Bc4 {[%clk 1:07:14]} Kf7 {[%clk 0:30:18]} 29. Ke2 {[%clk
1:00:36]} b5 {[%clk 0:28:34]} 30. Bxe6+ {[%clk 0:59:05]} Kxe6 {[%clk 0:28:43]}
31. c4 {[%clk 0:57:01]} f5 {[%clk 0:14:17]} 32. Qd5+ {[%clk 0:56:31]} Kf6
{[%clk 0:14:27]} 33. Qd6+ {[%clk 0:55:01]} Qe6 {[%clk 0:14:23]} 34. Qf8+ {[%clk
0:52:56]} Qf7 {[%clk 0:11:12]} 35. Qh8+ {[%clk 0:49:27]} Kg5 {[%clk 0:10:34]}
36. Qxe5 {[%clk 0:47:58]} bxc4 {[%clk 0:10:49]} 37. h4+ {[%clk 0:45:37]} Kh5
{[%clk 0:08:55]} 38. Qf4 {[%clk 0:37:03]} Qe7+ {[%clk 0:08:02]} 39. Kd2 {[%clk
0:29:38]} cxb3 {[%clk 0:08:09]} 40. g4+ {[%clk 0:27:54]} fxg4 {[%clk 0:07:45]}
41. Qxg4+ {[%clk 0:27:45]} Kh6 {[%clk 0:08:01]} 42. f4 {[%clk 0:22:01]} Qb4+
{[%clk 0:06:42]} 43. Kd3 {[%clk 0:21:48]} Qb5+ {[%clk 0:06:35]} 44. Kc3 {[%clk
0:21:22]} Qf5 {[%clk 0:29:58]} 45. Qg3 {[%clk 0:46:08]} Qc2+ {[%clk 0:28:20]}
46. Kb4 {[%clk 0:45:35]} Qxb2 {[%clk 0:27:31]} 47. Qg5+ {[%clk 0:45:48]} Kg7
{[%clk 0:27:53]} 48. Qe7+ {[%clk 0:46:07]} Kg8 {[%clk 0:26:34]} 49. Qe8+ {[%clk
0:46:22]} Kg7 {[%clk 0:26:57]} 50. Qe7+ {[%clk 0:46:45]} Kg8 {[%clk 0:27:18]}
1/2-1/2